[Event "GER-chT Christmas U20"]
[Site "Playchess.com INT"]
[Date "2020.12.29"]
[Round "3.4"]
[White "Willberg, Marek"]
[Black "Hoffmann, Tom"]
[Result "0-1"]
[WhiteElo "1386"]
[BlackElo "1296"]
[PlyCount "42"]
[EventDate "2020.12.29"]
[EventType "team-swiss (blitz)"]
[EventRounds "7"]
[EventCountry "GER"]
[SourceTitle "CBM 200 Extra"]
[Source "ChessBase"]
[SourceDate "2021.03.31"]
[SourceVersion "1"]
[SourceVersionDate "2021.03.31"]
[SourceQuality "1"]
[WhiteTeam "Leipzig VfB"]
[BlackTeam "Kastellaun"]
[WhiteTeamCountry "GER"]
[BlackTeamCountry "GER"]

1. c4 e5 2. Nc3 Nf6 3. d3 Bb4 4. Bd2 Nc6 5. g3 d5 6. Bg2 dxc4 7. dxc4 0-0 8. a3 Be7 9. b4 Be6 10. c5 Nd5 11. h4 a5 12. Nxd5 Bxd5 13. e4 Be6 14. Nf3 axb4 15. axb4 Bg4 16. 0-0 Rxa1 17. Qxa1 Bxf3 18. Bxf3 Qxd2 19. b5 Nd4 20. Bg2 Bxc5 21. Qb1 b6 0-1

[Event "GER-chT U10"]
[Site "Magdeburg"]
[Date "2016.12.29"]
[Round "6.2"]
[White "Willberg, Marek"]
[Black "Janovskij, Konstantin"]
[Result "1/2-1/2"]
[WhiteElo "1060"]
[BlackElo "1252"]
[PlyCount "57"]
[EventDate "2016.12.27"]
[EventType "team-swiss"]
[EventRounds "7"]
[EventCountry "GER"]
[SourceTitle "EXT 2018"]
[Source "ChessBase"]
[SourceDate "2017.10.13"]
[SourceVersion "1"]
[SourceVersionDate "2017.10.13"]
[SourceQuality "1"]
[WhiteTeam "Leipzig Gruen Weiss"]
[BlackTeam "Hannover"]
[WhiteTeamCountry "GER"]
[BlackTeamCountry "GER"]

1. e4 e5 2. Nf3 Nc6 3. Nc3 Nf6 4. Bc4 Nxe4 5. Nxe4 d5 6. Bxd5 Qxd5 7. Nc3 Qd8 8. h3 Bc5 9. d3 0-0 10. 0-0 Bf5 11. Re1 Re8 12. Be3 Bb6 13. Bxb6 axb6 14. Qd2 Qd7 15. Re3 Rad8 16. Rae1 f6 17. Qe2 Bg6 18. Nh4 Nd4 19. Qd2 Bf7 20. Rg3 Nf5 21. Nxf5 Qxf5 22. Qh6 Bg6 23. Qe3 Qf4 24. Qxf4 exf4 25. Rxe8+ Rxe8 26. Rf3 c6 27. Rxf4 Kf7 28. Kf1 b5 29. Rd4 1/2-1/2

[Event "GER-chT U10"]
[Site "Magdeburg"]
[Date "2014.12.28"]
[Round "3.4"]
[White "Willberg, Marek"]
[Black "Koegler, Lukas"]
[Result "1-0"]
[WhiteElo "759"]
[BlackElo "775"]
[PlyCount "39"]
[EventDate "2014.12.27"]
[EventType "team-swiss"]
[EventRounds "7"]
[EventCountry "GER"]
[SourceTitle "EXT 2016"]
[Source "ChessBase"]
[SourceDate "2015.10.08"]
[SourceVersion "1"]
[SourceVersionDate "2015.10.08"]
[SourceQuality "1"]
[WhiteTeam "Leipzig Gruen Weiss III"]
[BlackTeam "Hettstedt"]
[WhiteTeamCountry "GER"]
[BlackTeamCountry "GER"]

1. e4 e6 2. d4 d5 3. exd5 exd5 4. Nc3 Nf6 5. Nf3 Nc6 6. Bb5 Bb4 7. Bd2 0-0 8. 0-0 Nh5 9. Bxc6 bxc6 10. h3 Qf6 11. Bg5 Qg6 12. a3 h6 13. axb4 hxg5 14. Ne5 Qf5 15. Qxh5 Qxc2 16. Qxg5 Qxb2 17. Rac1 Qxb4 18. Nxc6 Qc4 19. Ne7+ Kh7 20. Qh5# 1-0